Fluffy Animals II Quiz Stats

 Plays Quiz Updated Aug 2, 2015

Also try: Fluffy Animals
Challenge
Share
Tweet
Score 0/20 Timer 05:00
6 Plays Today
% Correct
Elephant
99.6%
Giant panda
99.4%
Kangaroo
97.9%
Wolf
97.6%
Sloth
93.2%
Donkey
89.4%
Hamster
88.8%
Deer
88.5%
Honduran white bat
86.4%
Cardinal
78.5%
% Correct
Lynx
77.6%
Cheetah
76.7%
Opossum
71.8%
Blue jay
70.8%
Yak
69.7%
Vulture
67%
Chinchilla
60.7%
Moth
52.6%
Fancy Pigeon
48.6%
American Kestrel
24.1%

You're not logged in!

Compare scores with friends on all Sporcle quizzes.
OR
Log In

You Might Also Like...

Show Comments

Extras

Top Quizzes Today


Score Distribution

Your Account Isn't Verified!

In order to create a playlist on Sporcle, you need to verify the email address you used during registration. Go to your Sporcle Settings to finish the process.

Report this User

Report this user for behavior that violates our Community Guidelines.

Details: